Szczegóły MARC21

Etyka Demokryta i hedonizm Arystypa /

003 -Nazwa inst., której nr kontr. jest w polu 001 [,]
    • @
    • Nazwa instytucji, której n kontrolny jest w polu 001
    • NUKAT
005 -DATA I CZAS OSTATNIEJ MODYFIKACJI [,]
    • @
    • pole kontrolne
    • 20241231112109.0
040 -Instytucja sporządzająca opis [ , ]
    • a
    • Instytucja, która sporządziła opis (NP)
    • GD U/DC
    • c
    • Instytucja, która sporządziła rekord (NP)
    • GD U/DC
    • d
    • Instytucja, która zmodyfikowała rekord (P)
    • GD U/DC
    • d
    • Instytucja, która zmodyfikowała rekord (P)
    • LUBL U/STs
942 -Rodzaj dokumentu [ , ]
    • c
    • Rodzaj dokumentu
    • Książka
100 -Hasło główne - nazwa osobowa [1, ]
    • a
    • Nazwa osobowa (NP)
    • Krokiewicz, Adam
    • d
    • Daty biograficzne (NP)
    • (1890-1977).
    • 9
    • KHW
    • 48517
245 -Strefa tytułu i oznaczenia odpowiedzialności [1,0]
    • a
    • Tytuł
    • Etyka Demokryta i hedonizm Arystypa / Find
    • c
    • Pozostałe elementy strefy tytułu i oznaczenia odpowiedzialności (NP)
    • Adam Krokiewicz.
260 -Strefa adresu wydawniczego [ , ]
    • a
    • Miejsce wydania (P)
    • Warszawa :
    • b
    • Nazwa wydawcy (P)
    • Instytut Wydawniczy PAX,
    • c
    • Data wydania (P)
    • 1960.
300 -Strefa opisu fizycznego [ , ]
    • a
    • Określenie formy książki i/lub objętość (NP)
    • 205 s. ;
    • c
    • Format (NP)
    • 20 cm.
336 -Typ zawartości [ , ]
    • a
    • Termin opisujący typ zawartości
    • Tekst
    • b
    • Kod określający zawartość
    • txt
    • 2
    • Źródło (terminu i kodu)
    • rdacontent
337 -Typ mediów [ , ]
    • a
    • Tryb odtwarzania
    • Bez urządzenia pośredniczącego
    • b
    • Kod typu mediów
    • n
    • 2
    • Źródło (terminu i kodu)
    • rdamedia
338 -Typ/rodzaj nośnika [ , ]
    • a
    • Hasło opisujące typ nośnika
    • Wolumin
    • b
    • Kod typu nośnika
    • nc
    • 2
    • Źródło (terminu i kodu)
    • rdacarrier
080 -Uniwersalna Klasyfikacja Dziesiętna [ , ]
    • 2
    • Identyfikator wydania tablic
    • UDC-P022
    • a
    • Symbol klasyfikacji
    • 17
    • b
    • Dopowiedzenie
    • Etyka. Moralność. Filozofia praktyczna.
600 -Hasło przedmiotowe w formie nazwy osobowej [0,7]
    • a
    • Nazwa osobowa
    • Aristippus
    • d
    • Daty związane z nazwą
    • (430-355 p.n.e.)
    • x
    • Określnik rzeczowy
    • etyka.
    • 2
    • Źródło terminu
    • kaba
    • 9
    • KHW
    • 567518
600 -Hasło przedmiotowe w formie nazwy osobowej [0,7]
    • a
    • Nazwa osobowa
    • Demokritos
    • d
    • Daty związane z nazwą
    • (około 460-około 370 p.n.e.)
    • x
    • Określnik rzeczowy
    • etyka.
    • 2
    • Źródło terminu
    • kaba
    • 9
    • KHW
    • 567519
600 -Hasło przedmiotowe w formie nazwy osobowej [0,7]
    • a
    • Nazwa osobowa
    • Socrates
    • d
    • Daty związane z nazwą
    • (470-399 p.n.e.)
    • x
    • Określnik rzeczowy
    • krytyka i interpretacja.
    • 2
    • Źródło terminu
    • kaba
    • 9
    • KHW
    • 357863
650 -Hasło przedmiotowe [ ,7]
    • a
    • Hasło przedmiotowe
    • Etyka starożytna.
    • 2
    • Źródło terminu
    • kaba
    • 9
    • KHW
    • 108089
980 -Symbol UKD [ , ]
    • a
    • UKD
    • 17
710 -Hasło dodatkowe - nazwa ciała zbiorowego [2, ]
    • a
    • Nazwa ciała zbiorowego lub nazwa geograficzna jako pierwszy element (NP)
    • Instytut Wydawniczy "Pax".
    • 4
    • Kod relacji
    • pbl
    • 9
    • KHW
    • 53061
Obwoluta Data inwentaryzacji Lokalizacja Numer inwentarzowy Uwagi nie widoczne w OPAC Status udost.
  BEE.4656 1
12008-04-01BGZ.110582 1
12007-08-30BNSH.16277 1
  BNSF.19644przepisany-3